[Event "Titled Tuesday intern op 09th Nov"]
[Site "Chess.com INT"]
[Date "2021.11.09"]
[Round "2"]
[White "Umarov, Sabir"]
[Black "Baldauf, Marco"]
[Result "0-1"]
[WhiteElo "2364"]
[BlackElo "2522"]
[PlyCount "110"]
[EventDate "2021.11.09"]
[EventType "swiss (blitz)"]
[EventRounds "11"]
[EventCountry "USA"]
[SourceTitle "CBM 205 Extra"]
[Source "ChessBase"]
[SourceDate "2022.01.31"]
[SourceVersion "1"]
[SourceVersionDate "2022.01.31"]
[SourceQuality "1"]

1. e4 c6 2. d4 d5 3. Bd3 dxe4 4. Bxe4 Nf6 5. Bf3 Bf5 6. Ne2 e6 7. 0-0 Be7 8. Bf4 0-0 9. Nd2 c5 10. Nc4 Nd5 11. Bg3 Nc6 12. c3 Rc8 13. h3 b5 14. Ne3 Nxe3 15. fxe3 Bg6 16. Nf4 b4 17. Nxg6 hxg6 18. Qa4 Qb6 19. Kh1 Rfd8 20. a3 bxc3 21. bxc3 Bd6 22. Bxd6 Rxd6 23. Rab1 Qc7 24. dxc5 Rd2 25. Bxc6 Qxc6 26. Qxc6 Rxc6 27. Rb8+ Kh7 28. Rxf7 Rxc5 29. Rbb7 Kh6 30. Rxg7 Rxc3 31. Rh7+ Kg5 32. Rb5+ Kf6 33. Rh4 Rxa3 34. Rf4+ Ke7 35. Rb7+ Kd6 36. Rg4 Re2 37. Rxg6 Rexe3 38. Kh2 a5 39. h4 Re5 40. Rb6+ Ke7 41. Rb7+ Kd6 42. Rb6+ Kd7 43. Rb7+ Kc6 44. Re7 Kd6 45. Rh7 a4 46. g3 Ra5 47. Kh3 Re3 48. Rb7 a3 49. Rb1 a2 50. Ra1 Rb3 51. Rf6 Rb1 52. Rf1 Rxf1 53. Rxf1 a1Q 54. Rxa1 Rxa1 55. h5 Ke7 0-1

[Event "Titled Tuesday intern op 19th Oct"]
[Site "Chess.com INT"]
[Date "2021.10.19"]
[Round "2"]
[White "Ronka, Erik"]
[Black "Umarov, Sabir"]
[Result "1-0"]
[WhiteElo "2310"]
[BlackElo "2364"]
[PlyCount "51"]
[EventDate "2021.10.19"]
[EventType "swiss (blitz)"]
[EventRounds "11"]
[EventCountry "USA"]
[SourceTitle "CBM 204 Extra"]
[Source "ChessBase"]
[SourceDate "2021.11.30"]
[SourceVersion "1"]
[SourceVersionDate "2021.11.30"]
[SourceQuality "1"]

1. e4 g6 2. d4 Bg7 3. c4 c6 4. Nc3 d6 5. Be3 a6 6. Nge2 b5 7. c5 Nf6 8. f3 dxc5 9. dxc5 Qxd1+ 10. Rxd1 0-0 11. Nf4 a5 12. Kf2 Na6 13. Be2 Nd7 14. Nd3 Bxc3 15. bxc3 Kg7 16. f4 f6 17. a4 bxa4 18. Ra1 Nc7 19. Rxa4 Ba6 20. Rha1 Bxd3 21. Bxd3 Ne6 22. Rxa5 Rxa5 23. Rxa5 Rb8 24. Ra7 Ndxc5 25. Bc4 Rb7 26. Bxe6 1-0

[Event "Titled Tuesday intern op 19th Oct"]
[Site "Chess.com INT"]
[Date "2021.10.19"]
[Round "1"]
[White "Tologontegin, Semetey"]
[Black "Umarov, Sabir"]
[Result "1-0"]
[WhiteElo "2381"]
[BlackElo "2364"]
[PlyCount "129"]
[EventDate "2021.10.19"]
[EventType "swiss (blitz)"]
[EventRounds "11"]
[EventCountry "USA"]
[SourceTitle "CBM 204 Extra"]
[Source "ChessBase"]
[SourceDate "2021.11.30"]
[SourceVersion "1"]
[SourceVersionDate "2021.11.30"]
[SourceQuality "1"]

1. e4 g6 2. d4 Bg7 3. Nc3 c6 4. h3 d5 5. e5 f6 6. exf6 exf6 7. Nf3 Ne7 8. Be2 0-0 9. 0-0 Nf5 10. Re1 Re8 11. Bf4 Nd7 12. Qd2 Nf8 13. Bd3 Rxe1+ 14. Rxe1 Be6 15. Ne2 Qd7 16. c3 Re8 17. a4 a5 18. Qd1 Nd6 19. Ng3 Nc4 20. Bc1 Bf7 21. b3 Nd6 22. Ba3 Rxe1+ 23. Qxe1 Ne6 24. Qd2 h5 25. h4 Bf8 26. Qc1 Kg7 27. c4 dxc4 28. bxc4 c5 29. d5 Nd4 30. Nxd4 cxd4 31. c5 Ne8 32. c6 Qxd5 33. Bxf8+ Kxf8 34. c7 Nxc7 35. Qxc7 Kg7 36. Ne4 Qb3 37. Qc2 Qxc2 38. Bxc2 Bc4 39. Nc5 b5 40. axb5 Bxb5 41. Ba4 Bxa4 42. Nxa4 Kf7 43. Kf1 Ke6 44. Ke2 Kd5 45. Kd3 g5 46. g3 gxh4 47. gxh4 Ke5 48. Nb2 Kf4 49. Kxd4 Kf3 50. Nd3 a4 51. Kc3 a3 52. Kb3 Ke4 53. Ne1 Kf4 54. Kxa3 Kg4 55. Kb3 Kxh4 56. Kc3 Kg4 57. Kd3 h4 58. Ke2 f5 59. Kf1 f4 60. Kg2 f3+ 61. Kh2 h3 62. Nd3 Kh4 63. Ne5 Kg5 64. Nxf3+ Kf4 65. Ng1 1-0

[Event "Titled Tuesday intern op 11th May"]
[Site "Chess.com INT"]
[Date "2021.05.11"]
[Round "2"]
[White "Sanchez Alvares, Kelvin Antonio"]
[Black "Umarov, Sabir"]
[Result "1-0"]
[WhiteElo "2250"]
[BlackElo "2364"]
[PlyCount "81"]
[EventDate "2021.05.11"]
[EventType "swiss (blitz)"]
[EventRounds "11"]
[EventCountry "USA"]
[SourceTitle "CBM 202 Extra"]
[Source "ChessBase"]
[SourceDate "2021.07.31"]
[SourceVersion "1"]
[SourceVersionDate "2021.07.31"]
[SourceQuality "1"]

1. d4 g6 2. c4 Bg7 3. Nf3 c6 4. Nc3 d6 5. e4 Bg4 6. Be3 Qb6 7. Qd2 Bxf3 8. gxf3 Nd7 9. h4 Ngf6 10. 0-0-0 Qa5 11. Bh3 Nb6 12. Qe2 Qb4 13. Bf1 d5 14. exd5 cxd5 15. c5 Nc4 16. Nxd5 Nxd5 17. Qxc4 Qxc4+ 18. Bxc4 0-0-0 19. h5 e6 20. hxg6 hxg6 21. Rxh8 Rxh8 22. Bxd5 exd5 23. Kd2 Rh3 24. Ke2 Kd7 25. b4 a6 26. a4 Kc6 27. Rb1 b5 28. cxb6 Kxb6 29. b5 Rh4 30. bxa6+ Kxa6 31. Kd3 Rh3 32. Rb5 Rxf3 33. Rxd5 Bh6 34. Ke2 Rh3 35. Rd7 f5 36. Rd6+ Ka5 37. Rxg6 Bxe3 38. fxe3 Kxa4 39. Rf6 Rh5 40. Kf3 Kb4 41. Kf4 1-0

[Event "Titled Tuesday intern op 11th May"]
[Site "Chess.com INT"]
[Date "2021.05.11"]
[Round "6"]
[White "Umarov, Sabir"]
[Black "Pajeken, Jakob Leon"]
[Result "0-1"]
[WhiteElo "2364"]
[BlackElo "2305"]
[PlyCount "52"]
[EventDate "2021.05.11"]
[EventType "swiss (blitz)"]
[EventRounds "11"]
[EventCountry "USA"]
[SourceTitle "CBM 202 Extra"]
[Source "ChessBase"]
[SourceDate "2021.07.31"]
[SourceVersion "1"]
[SourceVersionDate "2021.07.31"]
[SourceQuality "1"]

1. e4 e5 2. Nf3 Nc6 3. Bc4 Bc5 4. b4 Bxb4 5. c3 Be7 6. d4 Na5 7. Bxf7+ Kxf7 8. Nxe5+ Kf8 9. 0-0 d6 10. f4 g6 11. f5 dxe5 12. fxg6+ Kg7 13. Qh5 hxg6 14. Qxe5+ Nf6 15. Qxa5 Nxe4 16. Qe5+ Nf6 17. Bg5 Bf5 18. Nd2 Bd6 19. Bxf6+ Qxf6 20. Qxf6+ Kxf6 21. g4 Bxh2+ 22. Kg2 Bd6 23. Ne4+ Ke6 24. gxf5+ gxf5 25. Nxd6 Rag8+ 26. Kf3 Kxd6 0-1

[Event "Titled Tuesday intern op 13th Apr"]
[Site "Chess.com INT"]
[Date "2021.04.13"]
[Round "1"]
[White "Tejedor Fuente, Enrique"]
[Black "Umarov, Sabir"]
[Result "1-0"]
[WhiteElo "2434"]
[BlackElo "2364"]
[PlyCount "113"]
[EventDate "2021.04.13"]
[EventType "swiss (blitz)"]
[EventRounds "11"]
[EventCountry "USA"]
[SourceTitle "CBM 201 Extra"]
[Source "ChessBase"]
[SourceDate "2021.05.31"]
[SourceVersion "1"]
[SourceVersionDate "2021.05.31"]
[SourceQuality "1"]

1. e4 g6 2. Nc3 Bg7 3. d4 c6 4. Nf3 d5 5. h3 dxe4 6. Nxe4 Nd7 7. Bd3 Ngf6 8. c3 Nxe4 9. Bxe4 Nf6 10. Bc2 0-0 11. 0-0 b6 12. Bf4 Bb7 13. Qe2 Re8 14. Rad1 Qc8 15. Bb3 e6 16. Rfe1 c5 17. Ne5 cxd4 18. Rxd4 Nd5 19. Bg3 a6 20. Rh4 b5 21. Bc2 h6 22. Qd2 Ne7 23. Bh2 Nf5 24. Rg4 h5 25. Rg5 Rd8 26. Qe2 f6 27. Rxg6 fxe5 28. Bxe5 Rd7 29. Qxh5 Rf7 30. Bxf5 exf5 31. Bxg7 Rxg7 32. Rxg7+ Kxg7 33. Re7+ Kf6 34. Qh4+ Kg6 35. Qh7+ Kg5 36. Qg7+ Kh5 37. Qh7+ Kg5 38. Rg7+ Kf6 39. Qh6+ Ke5 40. Re7+ Kd5 41. Qd2+ Kc5 42. Qd4+ Kc6 43. Qf6+ Kc5 44. Re5+ Kc4 45. Qf7+ Kd3 46. Re3+ Kc2 47. Qb3+ Kd2 48. Qf7 Qc4 49. Qe7 Qd3 50. Qg5 Qxe3 51. Qxe3+ Kc2 52. Qf4 Be4 53. f3 Kxb2 54. fxe4 fxe4 55. Qf2+ Kxc3 56. Qe3+ Kb2 57. Qxe4 1-0

[Event "Titled Tuesday intern op 13th Apr"]
[Site "Chess.com INT"]
[Date "2021.04.13"]
[Round "3"]
[White "Umarov, Sabir"]
[Black "Ingebretsen, Jens E"]
[Result "1-0"]
[WhiteElo "2364"]
[BlackElo "2266"]
[PlyCount "121"]
[EventDate "2021.04.13"]
[EventType "swiss (blitz)"]
[EventRounds "11"]
[EventCountry "USA"]
[SourceTitle "CBM 201 Extra"]
[Source "ChessBase"]
[SourceDate "2021.05.31"]
[SourceVersion "1"]
[SourceVersionDate "2021.05.31"]
[SourceQuality "1"]

1. e4 c6 2. d4 d5 3. Bd3 dxe4 4. Bxe4 e5 5. dxe5 Qa5+ 6. Nc3 Bb4 7. Nf3 Nd7 8. 0-0 Bxc3 9. bxc3 Qxc3 10. Qd6 Qc5 11. Ba3 Qxd6 12. Bxd6 Ne7 13. Rfe1 Nb6 14. a4 Nbd5 15. a5 Be6 16. c4 Nc3 17. Bd3 Bf5 18. Bxf5 Nxf5 19. Ra3 0-0-0 20. Rxc3 Nxd6 21. exd6 Rxd6 22. h3 Rhd8 23. Re7 R8d7 24. Rxd7 Kxd7 25. Ne5+ Ke6 26. Re3 Rd1+ 27. Kh2 Kf6 28. Ng4+ Kg6 29. Re7 h5 30. Ne3 Rb1 31. Kg3 f6 32. Rc7 Rb2 33. a6 bxa6 34. Rxc6 a5 35. Ra6 Ra2 36. Rxa7 a4 37. c5 a3 38. c6 Ra1 39. c7 Rc1 40. Nd5 Rc4 41. Rxa3 h4+ 42. Kh2 Kf7 43. Ra8 Ke6 44. c8Q+ Rxc8 45. Rxc8 Kxd5 46. Rg8 g5 47. g3 hxg3+ 48. Kxg3 Ke5 49. h4 Kf5 50. hxg5 fxg5 51. f3 Kf6 52. Kg4 Kf7 53. Rxg5 Kf6 54. Rf5+ Kg6 55. Ra5 Kg7 56. f4 Kf6 57. Ra6+ Kf7 58. Kf5 Kg7 59. Ra7+ Kh8 60. Kg6 Kg8 61. Ra8# 1-0

[Event "Titled Tuesday intern op 09th Mar"]
[Site "Chess.com INT"]
[Date "2021.03.09"]
[Round "4"]
[White "Herman, Matthew J"]
[Black "Umarov, Sabir"]
[Result "1-0"]
[WhiteElo "2383"]
[BlackElo "2364"]
[PlyCount "59"]
[EventDate "2021.03.09"]
[EventType "swiss (blitz)"]
[EventRounds "11"]
[EventCountry "USA"]
[SourceTitle "CBM 201 Extra"]
[Source "ChessBase"]
[SourceDate "2021.05.31"]
[SourceVersion "1"]
[SourceVersionDate "2021.05.31"]
[SourceQuality "1"]

1. e4 g6 2. d4 Bg7 3. Nc3 c6 4. Bc4 d5 5. exd5 b5 6. Bb3 b4 7. Na4 cxd5 8. Nc5 Nf6 9. a3 bxa3 10. Rxa3 0-0 11. Nf3 Nbd7 12. Nd3 Nb6 13. 0-0 Nc4 14. Ra1 Bf5 15. Re1 h6 16. Nde5 Na5 17. Rxa5 Qxa5 18. Nc6 Qc7 19. Nxe7+ Kh8 20. Nxf5 gxf5 21. Ne5 Rae8 22. Bf4 Qa5 23. Re3 Ng4 24. Rh3 f6 25. Ng6+ Kg8 26. Bd2 Qb6 27. Bxd5+ Rf7 28. Bc3 Rd8 29. Bb3 Kh7 30. Bxf7 1-0

[Event "Titled Tuesday intern op 09th Mar"]
[Site "Chess.com INT"]
[Date "2021.03.09"]
[Round "8"]
[White "Umarov, Sabir"]
[Black "Gutkovich, Polina"]
[Result "0-1"]
[WhiteElo "2364"]
[BlackElo "2110"]
[PlyCount "76"]
[EventDate "2021.03.09"]
[EventType "swiss (blitz)"]
[EventRounds "11"]
[EventCountry "USA"]
[SourceTitle "CBM 201 Extra"]
[Source "ChessBase"]
[SourceDate "2021.05.31"]
[SourceVersion "1"]
[SourceVersionDate "2021.05.31"]
[SourceQuality "1"]

1. e4 Nc6 2. d4 d5 3. e5 Bf5 4. Nf3 e6 5. Bd3 Nge7 6. 0-0 f6 7. Re1 Qd7 8. c4 Bxd3 9. Qxd3 dxc4 10. Qxc4 f5 11. Nc3 h6 12. b4 0-0-0 13. Be3 Nd5 14. a3 f4 15. Bd2 g5 16. h3 Be7 17. Rac1 Nb6 18. Qb3 Nxd4 19. Nxd4 Qxd4 20. Qxe6+ Qd7 21. Qxd7+ Rxd7 22. Re2 Rd3 23. Ne4 Rhd8 24. f3 Na4 25. Be1 Rxa3 26. Rec2 c6 27. b5 c5 28. Bf2 b6 29. h4 Rd5 30. hxg5 hxg5 31. e6 Re5 32. Rd1 Rxe6 33. Rd5 Ra1+ 34. Be1 Rxe1+ 35. Kf2 R1xe4 36. fxe4 Rxe4 37. Re2 Rxe2+ 38. Kxe2 Nc3+ 0-1